<?xml version="1.0" encoding="UTF-8"?><?xml-stylesheet type="text/xsl" href="static/style.xsl"?><OAI-PMH xmlns="http://www.openarchives.org/OAI/2.0/" xmlns:xsi="http://www.w3.org/2001/XMLSchema-instance" xsi:schemaLocation="http://www.openarchives.org/OAI/2.0/ http://www.openarchives.org/OAI/2.0/OAI-PMH.xsd"><responseDate>2026-06-01T23:35:44Z</responseDate><request verb="GetRecord" identifier="oai:riuma.uma.es:10630/16604" metadataPrefix="marc">https://riuma.uma.es/rest/oai/request</request><GetRecord><record><header><identifier>oai:riuma.uma.es:10630/16604</identifier><datestamp>2026-02-03T11:48:31Z</datestamp><setSpec>com_10630_2254</setSpec><setSpec>col_10630_37959</setSpec></header><metadata><record xmlns="http://www.loc.gov/MARC21/slim" xmlns:dcterms="http://purl.org/dc/terms/" xmlns:doc="http://www.lyncode.com/xoai" xmlns:xsi="http://www.w3.org/2001/XMLSchema-instance" xsi:schemaLocation="http://www.loc.gov/MARC21/slim http://www.loc.gov/standards/marcxml/schema/MARC21slim.xsd">
   <leader>00925njm 22002777a 4500</leader>
   <datafield ind2=" " ind1=" " tag="042">
      <subfield code="a">dc</subfield>
   </datafield>
   <datafield ind2=" " ind1=" " tag="720">
      <subfield code="a">Salguero García, Marta</subfield>
      <subfield code="e">author</subfield>
   </datafield>
   <datafield ind2=" " ind1=" " tag="260">
      <subfield code="c">2018-10-15</subfield>
   </datafield>
   <datafield ind2=" " ind1=" " tag="520">
      <subfield code="a">La teoría Hopf-Galois es una generalización de la teoría de Galois. La clave es sustituir los grupos de Galois por álgebras de Hopf y la acción de Galois por una cierta “acción de Hopf” que actúa por endomorfismos. Este par constituye lo que se conoce como estructura Hopf Galois. En esta charla, nos centraremos en el caso de extensiones de cuerpos separables, pues existe una caracterización de dichas estructuras en términos de grupos. Esto nos permite usar el sistema de álgebra computacional Magma para obtener explícitamente todas las estructuras Hopf Galois de una extensión separable y determinar varias propiedades importantes. En la charla explicaremos brevemente los dos algoritmos que hemos desarrollado y los principales resultados computacionales y teóricos que se derivan de los datos obtenidos. Esto es un trabajo conjunto con la profesora Teresa Crespo (UB).</subfield>
   </datafield>
   <datafield ind1="8" ind2=" " tag="024">
      <subfield code="a">https://hdl.handle.net/10630/16604</subfield>
   </datafield>
   <datafield tag="653" ind2=" " ind1=" ">
      <subfield code="a">Álgebra</subfield>
   </datafield>
   <datafield ind2="0" ind1="0" tag="245">
      <subfield code="a">Determinación algorítmica de estructuras Hopf Galois</subfield>
   </datafield>
</record>
</metadata></record></GetRecord></OAI-PMH>